000 01044nac a22003257a 4500
001 BR7700308
003 BR-BrBNA
005 20240205123254.0
008 230509b bl.|||m| |||| 00| 0 por d
040 _aBR-BrBNA
_bpor
_cBiblioteca Nacional de Agricultura
072 _aA50; F00; L00
090 _aA50
_bBR7700308
110 1 _aUnidade de Execucao de Pesquisa de Ambito Estadual de Alagoinha, PB (Brasil)
_910342
245 1 _aRelatorio trimestral, julho, setembro 1976 [Unidade de Execucao de Pesquisa de Ambito Estadual de Alagoinha, Brasil]
260 3 _aAlagoinha, PB (Brasil):
_c1976.
300 _a12 p.
490 _aRelatorio Trimestral - Unidade de Execucao de Pesquisa de Ambito Estadual de Alagoinha (Brazil)
_vno. 1
500 _a6 tables
650 _aPESQUISA AGRICOLA
650 _aPESQUISA PECUARIA
650 _aREGIAO NORDESTE
650 _aPARAIBA
650 _aABACAXI
650 _aALGODAO
650 _aBATATA
650 _aFEIJAO
650 _aMANDIOCA
650 _aMILHO
942 _2AGRIS
_n0
_cMS
999 _c266880
_d266880